Un hombre solo: cartas desde la torres 1534-1535

Kaydedildi:
Detaylı Bibliyografya
Yazar: Moro, Tomás More, Thomas (autor)
Materyal Türü: Kitap
Dil:İspanyolca
Baskı/Yayın Bilgisi: Madrid Rialp 1999
Edisyon:4a. ed
Konular:
Etiketler: Etiketle
Etiket eklenmemiş, İlk siz ekleyin!

MARC

LEADER 00000nam a2200000 a 4500
001 UCO3347
003 CL-VaPUC
008 000720e19990000SP |||||||||||||||||spa|d
082 0 4 |a 826  |b MOR  |2 21 
100 |a Moro, Tomás   |e autor  |q More, Thomas  |9 868789 
245 1 3 |a Un hombre solo: cartas desde la torres 1534-1535 
250 |a 4a. ed 
300 |a 171 p 
942 |c BK 
945 |d 20000720 00:00:00  |a rbrito 
260 |a Madrid  |b Rialp  |c 1999 
650 7 |a CORRESPONDENCIAS INGLESAS  |2 CL-VaPUC  |9 447445 
650 0 |a Humanismo  |9 256530 
650 0 |a Literatura inglesa  |9 312907 
583 |a last modification  |c 20000720 00:00:00  |k Rodrigo Vera 
999 |c 289805  |d 289803 
952 |0 0  |1 0  |4 0  |6 826_000000000000000_MOR_1999  |7 0  |8 A  |9 338549  |a BIBHIS  |b BIBHIS  |d 2019-11-20  |i 3630161  |o 826 MOR 1999  |p 3630161  |r 2025-01-20  |w 2019-11-20  |y BK  |k HIS